000 00387nam a2200145Ia 4500
008 240624s9999 xx 000 0 und d
041 _aeng
082 _a336.24 AHU
100 _aAHUJA GIRISH
245 _aSYSTEMATIC APPROACH TO INCOME TAX SERVIC
250 _a(20th ed.)
260 _c2008
_aNew Delhi
_bBharat Law House Pvt. Ltd.
300 _a828 : p. : cm. ; 23
365 _cRS
_b15
999 _c11021
_d11021